Taking Sides: Clashing Views on Environmental Issues (Record no. 747)

MARC details
005 - DATE AND TIME OF LATEST TRANSACTION
control field 20250317094729.0
020 ## - INTERNATIONAL STANDARD BOOK NUMBER
International Standard Book Number 978-0-07-351441-3
082 ## - DEWEY DECIMAL CLASSIFICATION NUMBER
Classification number 363.7 EAS
100 ## - MAIN ENTRY--PERSONAL NAME
Author name EASTON, T. A.
245 ## - TITLE STATEMENT
Title Taking Sides: Clashing Views on Environmental Issues
250 ## - EDITION STATEMENT
Edition statement 11th Ed.
260 ## - PUBLICATION, DISTRIBUTION, ETC.
Place of publication, distribution, etc. New York,
Name of publisher, distributor, etc. McGraw-Hill,
Date of publication, distribution, etc. 2006.
300 ## - PHYSICAL DESCRIPTION
Extent xxvii, 401p.: ill.
Other physical details Index.
Dimensions 24cm.
856 ## - ELECTRONIC LOCATION AND ACCESS
Link text Access online book
Electronic name Environment
Path www.mhcls
942 ## - ADDED ENTRY ELEMENTS (KOHA)
Source of classification or shelving scheme Dewey Decimal Classification
Koha item type Books
Holdings
Date last seen Total checkouts Full call number Barcode Cost, replacement price Price effective from Koha item type Lost status Source of classification or shelving scheme Damaged status Not for loan Withdrawn status Home library Current library Shelving location Date acquired Cost, normal purchase price
03/17/2025   363.7 EAS 0000003065 90000.00 03/17/2025 Books   Dewey Decimal Classification       College of Business Education Main Library College of Business Education Main Library General Collection 03/17/2025 30000.00
03/17/2025   363.7 EAS 0000003066 90000.00 03/17/2025 Books   Dewey Decimal Classification       College of Business Education Main Library College of Business Education Main Library General Collection 03/17/2025 30000.00
03/17/2025   363.7 EAS 0000003067 90000.00 03/17/2025 Books   Dewey Decimal Classification       College of Business Education Main Library College of Business Education Main Library General Collection 03/17/2025 30000.00
03/17/2025   363.7 EAS 0000003068 90000.00 03/17/2025 Books   Dewey Decimal Classification       College of Business Education Main Library College of Business Education Main Library General Collection 03/17/2025 30000.00
03/17/2025   363.7 EAS 0000003069 90000.00 03/17/2025 Books   Dewey Decimal Classification       College of Business Education Main Library College of Business Education Main Library General Collection 03/17/2025 30000.00